000 00701cam a22002293a 4500
001 5700
003 PGUSA
005 20140828083123.0
008 040501s2004||||xxu|||||s|||||000 1 eng d
040 _aPGUSA
_beng
042 _adc
050 4 _aPR
100 1 _aYonge, Charlotte M.
_q(Charlotte Mary),
_d1823-1901
245 1 0 _aLove and Life :
_bAn Old Story in Eighteenth Century Costume
_h[electronic resource] /
_cCharlotte M. Yonge
260 _bProject Gutenberg,
_c2004
506 _aPublic domain in the USA.
516 _aElectronic text
653 _aEnglish fiction -- 19th century
830 0 _aProject Gutenberg
_v5700
856 4 0 _uhttp://www.gutenberg.org/ebooks/5700
942 _cEB
999 _c235028
_d235028